Deutsche Museen nach Städte - Statistiken

Allgemein
  • Dieses Quiz wurde 67 mal gespielt
  • Das Durchschnittsergebnis liegt bei 6 aus 12
Antwortstatistiken
Hint Antwort % Korrekt
Mercedes-Benz-Museum Stuttgart
96%
Deutsches Museum (Hauptsitz) München
73%
Pergamonmuseum Berlin
69%
Deutsches Schifffahrtsmuseum Bremerhaven
67%
Bauhaus-Museum Dessau-Roßlau
58%
Europäisches Hansemuseum Lübeck
46%
Deutsches Ledermuseum Offenbach am Main
42%
Deutsches Buch- und Schriftmuseum Leipzig
40%
Germanisches Nationalmuseum Nürnberg
38%
Städel Museum Frankfurt am Main
37%
Überseemuseum Bremen
29%
Museum Ludwig Köln
29%
Keine übereinstimmenden Quizze gefunden
Verteilung der Resultate
Anzahl Personen mit jedem Resultat
Perzentil nach korrekt beantworteten Fragen
Ihre Resultats-Entwicklung
Sie haben dieses Quiz noch nicht gespielt